Zásobovanie vodou obcí Lacková a Forbasy

Guardado en:
Detalles Bibliográficos
Autor principal: Galík, Matúš, 1985- (Autor)
Otros Autores: Barloková, Danka, 1956- (Orientador)
Formato: Manuscrito Libro
Lenguaje:eslovaco
Publicado: Bratislava : STU v Bratislave SvF, 2010
Materias:
Acceso en línea:VAIS
Etiquetas: Agregar Etiqueta
Sin Etiquetas, Sea el primero en etiquetar este registro!

MARC

LEADER 00000ntm a22000003a 4500
001 stu217137
005 20150617230111.1
008 101123s2010----xo------------------slo-d
040 |a STU  |b slo 
041 0 |a slo 
044 |a xo 
100 1 |a Galík, Matúš,  |d 1985-  |4 aut  |u V280  |U SvF Stavebná fakulta  |T SvF Katedra zdravotného inžinierstva  |X 27378  |U V280  |Y 29  |7 A000027378 
242 0 0 |a Water supply of villages Lacková and Forbasy   |y eng 
245 1 |a Zásobovanie vodou obcí Lacková a Forbasy 
260 |a Bratislava :  |b STU v Bratislave SvF,  |c 2010 
650 7 |a vodné stavby a vodné hospodárstvo  |2 stusub 
650 7 |a Hydraulic and Water Resources Engineering  |2 estusub 
700 1 |a Barloková, Danka,  |d 1956-  |4 ths  |u V280  |U SvF Stavebná fakulta  |T SvF Katedra zdravotného inžinierstva  |X 1014  |U V280  |Y 29  |7 A000001014 
856 4 |a info a plný text  |u http://is.stuba.sk/zp/portal_zp.pl?podrobnosti=61319  |3 VAIS